000 005500000a22001810004500
003 MACL
005 20160322115725.0
008 160322b xxu||||| |||| 00| 0 eng d
040 _aMACL
_cMACL
041 _aHindi
082 _a070
100 _aहर्षदेव
_947984
245 _aउत्‍तर आधुनिक मीडिया तकनीक
260 _bदिवि पब्लिशर्स
_c2005
_aनई दिल्‍ली
350 _a175
650 _aNews, Media, Journalism
_9338
942 _cHIN
_k070
_2ddc
999 _c11350
_d11350